000 00390nam a22001577a 4500
003 MPLRDC
005 20220104123710.0
008 210129b ||||| |||| 00| 0 eng d
082 _a544.45 LXZ c.2
100 _a林晓钟编著
245 _a怎样生育优生宝宝
_c
260 _a
_b新时代出版社
_c
300 _b
650 _a生育--优生学
942 _cBK
_o544.45 LXZ c.2
999 _c13489
_d13479